000 01302nam0a22003491 4500
001 v19\rc\1299475
005 20250618020832.0
035 _a(NLR Aleph) 004445291
090 _a4442648
_c4442648
100 _a20060306d1865 |||y0rusy50 ca
101 1 _arus
_ceng
102 _aRU
105 _aa z |||||
200 1 _aПрактическая метеорология контрадмирала Фицроя, чл. кор. уч. общ.
_fС англ. пер. Н. Тресковский, флота кап.-лейт.
210 _aСанкт-Петербург
_cтип. Мор. м-ва
_d1865
215 _aXVI, 470 с., 16 л. ил.
_d24
532 1 2 _aПрактическая метеорология контрадмирала Фицроя, чллена кор. уч. общ.
700 1 _aФицрой
_bР.
_f1805-1865
_gРоберт
702 1 _aТресковский
_bН.Н.
_f-1901
_gНиколай Николаевич
_4730
801 0 _aRU
_bNLR
_gpsbo
801 0 _aRU
_bRuMoRGB
_2psbo
801 1 _aRU
_bProSoft-M
_2rusmarc
852 _aNLR
_j18.131.2.30
852 _aNLR
_j132/834
899 _aRuMoRGB
_jO 30/301
899 _aRuMoRGB
_jO 20/208
899 _aRuMoRGB
_jU 304/191
899 _aБАН
899 _aГПИБ
899 _aНБ МГУ
942 _cBOOK
980 _aNB